000 00426pab a2200157 454500
008 180718b2009 xxu||||| |||| 00| 0 eng d
100 _aRothstein, Bo
245 _aCreating political legitimacy: electoral democracy versus quality of government
260 _c2009
300 _ap.311-30.
362 _aNov
650 _aPolitics and government
773 _aAmerican Behavioral Scientist
908 _aN
909 _a84568
999 _c84568
_d84568